01687cam a2200361 a 45000010005000000030006000050050017000110080041000280100017000690200017000860200017001030400023001200420009001430430012001520500024001640820021001881000018002092450078002272600035003053000040003405040066003805200253004466100095006996100041007946100042008356500080008776500088009576500065010456500068011106500046011786500054012246510047012782692FISKH20240110094524.0920921s1993 nyuaf j b 001 0 eng  a 92036622  a0590451219 : a078073004508 aDLCcDLCdDLCbeng alcac an-usp--00aE185.925b.C65 199300a978/.04960732201 aCox, Clinton.14aThe forgotten heroes :bthe story of the Buffalo Soldiers /cClinton Cox. aNew York :bScholastic,c1993. a174 pages :billustrations ;c20 cm aIncludes bibliographical references (p. [167]-174) and index. aRecounts the history of the 9th and 10th Cavalry regiments, comprised of African American soldiers recruited to open the West to settlers and whose deeds included escorting wagon trains, carrying mail, and fighting battles against Native Americans.10aUnited States.bArmyxAfrican American troopsxHistoryy19th centuryvJuvenile literature.11aUnited States.bArmy.bCavalry, 9th.11aUnited States.bArmy.bCavalry, 10th. 0aAfrican AmericanszWest (U.S.)xHistoryy19th centuryvJuvenile literature. 0aAfrican American soldierszWest (U.S.)xHistoryy19th centuryvJuvenile literature. 0aFrontier and pioneer lifezWest (U.S.)vJuvenile literature. 0aIndians of North AmericaxWarsy1866-1895vJuvenile literature. 1aAfrican AmericansxHistoryy19th century. 1aAfrican American soldiersxHistoryy19th century. 0aWest (U.S.)xHistoryvJuvenile literature.